Economía y sociedad de Contestania Ibérica / (Record no. 147717)

MARC details
000 -LEADER
campo de control de longitud fija 00735nam a2200205 i 4500
001 - NÚMERO DE CONTROL
campo de control 147717
003 - IDENTIFICADOR DE NÚMERO DE CONTROL
campo de control ES-MaACL
005 - FECHA Y HORA DE LA ÚLTIMA TRANSACCIÓN
campo de control 20230906202225.0
007 - CAMPO FIJO DE DESCRIPCIÓN FÍSICA--INFORMACIÓN GENERAL
campo de control de longitud fija t|
008 - DATOS DE LONGITUD FIJA--INFORMACIÓN GENERAL
campo de control de longitud fija 071005s1981 sp ||||1| spa d
100 0# - ENTRADA PRINCIPAL--NOMBRE DE PERSONA
Nombre de persona Uroz Sáez, José.
9 (RLIN) 112197
245 10 - MENCIÓN DEL TÍTULO
Título Economía y sociedad de Contestania Ibérica /
Mención de responsabilidad, etc. José Uroz Sáez.
260 ## - PUBLICACIÓN, DISTRIBUCIÓN, ETC.
Lugar de publicación, distribución, etc. Alicante :
Nombre del editor, distribuidor, etc. Instituto de Estudios Alicantinos,
Fecha de publicación, distribución, etc. [1981]
300 ## - DESCRIPCIÓN FÍSICA
Extensión 330 p. ;
Dimensiones 22 cm.
490 1# - MENCIÓN DE SERIE
Mención de serie Publicaciones del Instituto de Estudios Alicantinos. Serie I ;
Designación de volumen o secuencia 72
710 2# - ENTRADA AGREGADA--NOMBRE DE ENTIDAD CORPORATIVA
Nombre de entidad corporativa o nombre de jurisdicción como elemento de entrada Instituto de Estudios Alicantinos.
9 (RLIN) 4886
830 0# - PUNTO DE ACCESO ADICIONAL DE SERIE-TÍTULO UNIFORME
Título uniforme Publicaciones del Instituto de Estudios Alicantinos. Serie I ;
Designación de volumen o secuencia 72
9 (RLIN) 183372
852 ## - LOCALIZACIÓN
Ubicación ES-MaACL
Número de control de estantería L-2016
Sublocalización o colección R.102797
Holdings
Estatus retirado Estado de pérdida Estado de daño No para préstamo Biblioteca de origen Biblioteca actual Ubicación en estantería Fecha de adquisición Fuente de adquisición Total de préstamos Signatura topográfica completa Código de barras Visto por última vez Precio de reemplazo Tipo de ítem Koha
        Biblioteca del Ateneo de Madrid Biblioteca del Ateneo de Madrid Depósito 2 17/01/2008     L-2016 1154154 23/02/2023 23/02/2023 Libro impreso